International journal of public administration.

Bibliographic Details
Format: Journal
Language:English
Published: [New York] : [M. Dekker], [1979-]
Subjects:
Online Availability: Check for online availability

MARC

Tag First Indicator Second Indicator Subfields
LEADER 00000cas a2200000 4500
001 in00000043620
005 20151007074919.0
008 790208c19799999nyumr1p 0 a0eng d
010 |a  79643673   |z sn 79001622  
022 0 |a 0190-0692 
030 |a IJPADR 
032 |a 716870  |b USPS 
035 |a (OCoLC)ocm04629549 
035 |a (OCoLC)04629549 
035 |9 AAF2314AM 
040 |a NSD  |c NSD  |d DLC  |d NST  |d NSD  |d OCL  |d NST  |d NSD  |d AIP  |d NSD  |d AIP  |d NST  |d AIP  |d NST  |d OCL  |d NST  |d NSD  |d HUL  |d NST  |d OCL  |d SYS  |d CUS  |d OCL  |d OCLCQ  |d UtOrBLW 
042 |a lc  |a nsdp 
049 |a TXAM 
050 0 0 |a JA1.A1  |b I593 
082 0 |a 350/.0005 
210 0 |a Int. j. public adm. 
222 0 |a International journal of public administration 
245 0 0 |a International journal of public administration. 
264 1 |a [New York] :  |b [M. Dekker],  |c [1979-] 
310 |a Monthly except Dec.,  |b <May 1994- > 
321 |a Quarterly,  |b 1979- 
321 |a Monthly (except June & July) 
321 |a Bimonthly,  |b <July 1988- > 
336 |a text  |b txt  |2 rdacontent 
337 |a unmediated  |b n  |2 rdamedia 
338 |a volume  |b nc  |2 rdacarrier 
530 |a Also available via the World Wide Web. 
650 0 |a Public administration  |v Periodicals. 
776 1 |t International journal of public administration (Online)  |x 1532-4265  |w (OCoLC)50763147 
850 |a AAP  |a AU  |a ArU  |a AzTeS  |a AzU  |a C  |a CaAEU  |a CaOONL  |a CaOWA  |a CaOWtU  |a CaQMU  |a CoU  |a DGW  |a DLC  |a DeU  |a IU  |a IaAS  |a IaU  |a InLP  |a InU  |a KMK  |a KU  |a KyLoU  |a LU 
850 |a MChB  |a MH-KG  |a MdU  |a MosU  |a MoU  |a MsSM  |a MsU  |a NSyU  |a NcRS  |a NjR  |a NmU  |a OC  |a OCU  |a OkU  |a PBL  |a PSt  |a PU  |a TxCM  |a TxU  |a ViBlbV  |a WU  |a WaU  |a WvU  |a WyU 
891 3 3 |9 853  |8 1  |a v.  |b no.  |u 4  |v r  |i (year)  |j (month)  |w q  |x 03 
891 4 0 |9 863  |8 1  |a <1>-  |i <1979>-  |x provisional 
891 3 3 |9 853  |8 2  |a v.  |b no.  |u 10  |v r  |i (year)  |j (month)  |w 10 
891 4 0 |9 863  |8 2  |a <9>-  |i <1987>  |x provisional 
891 3 3 |9 853  |8 3  |a v.  |b no.  |u 6  |v r  |i (year)  |j (month)  |w b  |x 01 
891 4 0 |9 863  |8 3  |a <11>-  |i <1988>-  |x provisional 
936 |a Vol. 17, no. 6 (May 1994) (surrogate) LIC 
949 |a AM_DB_MFHD URL added  |b h  |c 2003/5/6  |e bsurratt  |f 11:00:24 am 
994 |a E0  |b TXA 
999 |a MARS 
999 f f |s 2cbf7806-12a5-3aed-80ad-0a702ff54bc0  |i 1e351ad4-6279-308d-bd30-aa10eec01645  |t 0 
952 f f |p ric  |a Texas A&M University  |b Rellis Campus  |c Joint Library Facility  |d Remote Storage  |t 0  |e JA1.A1 I593  |h Library of Congress classification  |i unmediated -- volume  |k v.11:no.1-3  |l 1988  |m A14811837205 
952 f f |p ric  |a Texas A&M University  |b Rellis Campus  |c Joint Library Facility  |d Remote Storage  |t 0  |e JA1.A1 I593  |h Library of Congress classification  |i unmediated -- volume  |k v.15:no.1/4  |l 1992:Jan.-Apr.  |m A14816996313 
952 f f |p ric  |a Texas A&M University  |b Rellis Campus  |c Joint Library Facility  |d Remote Storage  |t 0  |e JA1.A1 I593  |h Library of Congress classification  |i unmediated -- volume  |k v.11:no.4-6  |l 1988  |m A14811831623 
952 f f |p ric  |a Texas A&M University  |b Rellis Campus  |c Joint Library Facility  |d Remote Storage  |t 0  |e JA1.A1 I593  |h Library of Congress classification  |i unmediated -- volume  |k v.17:no.9-12  |l 1994:Aug.-Nov.  |m A14819007799 
952 f f |p ric  |a Texas A&M University  |b Rellis Campus  |c Joint Library Facility  |d Remote Storage  |t 0  |e JA1.A1 I593  |h Library of Congress classification  |i unmediated -- volume  |k v.3  |l 1981  |m A14823979819 
952 f f |p ric  |a Texas A&M University  |b Rellis Campus  |c Joint Library Facility  |d Remote Storage  |t 0  |e JA1.A1 I593  |h Library of Congress classification  |i unmediated -- volume  |k v.7  |l 1985  |m A14823980014 
952 f f |p ric  |a Texas A&M University  |b Rellis Campus  |c Joint Library Facility  |d Remote Storage  |t 0  |e JA1.A1 I593  |h Library of Congress classification  |i unmediated -- volume  |k v.12:no.1-3  |l 1989  |m A14812031585 
952 f f |p ric  |a Texas A&M University  |b Rellis Campus  |c Joint Library Facility  |d Remote Storage  |t 0  |e JA1.A1 I593  |h Library of Congress classification  |i unmediated -- volume  |k v.23:no.9-12  |l 2000:Sept.-Dec  |m A14828198531 
952 f f |p ric  |a Texas A&M University  |b Rellis Campus  |c Joint Library Facility  |d Remote Storage  |t 0  |e JA1.A1 I593  |h Library of Congress classification  |i unmediated -- volume  |k v.23:no.1-4  |l 2000:Jan.-Apr.  |m A14827281129 
952 f f |p ric  |a Texas A&M University  |b Rellis Campus  |c Joint Library Facility  |d Remote Storage  |t 0  |e JA1.A1 I593  |h Library of Congress classification  |i unmediated -- volume  |k v.18:no.5-8  |l 1995:May-Aug.  |m A14819181747 
952 f f |p ric  |a Texas A&M University  |b Rellis Campus  |c Joint Library Facility  |d Remote Storage  |t 0  |e JA1.A1 I593  |h Library of Congress classification  |i unmediated -- volume  |k v.12:no.4-6  |l 1989  |m A14812019371 
952 f f |p ric  |a Texas A&M University  |b Rellis Campus  |c Joint Library Facility  |d Remote Storage  |t 0  |e JA1.A1 I593  |h Library of Congress classification  |i unmediated -- volume  |k v.18:no.1-4  |l 1995:Jan.-Apr.  |m A14819181690 
952 f f |p ric  |a Texas A&M University  |b Rellis Campus  |c Joint Library Facility  |d Remote Storage  |t 0  |e JA1.A1 I593  |h Library of Congress classification  |i unmediated -- volume  |k v.14:no.1-3  |l 1991  |m A14815587006 
952 f f |p ric  |a Texas A&M University  |b Rellis Campus  |c Joint Library Facility  |d Remote Storage  |t 0  |e JA1.A1 I593  |h Library of Congress classification  |i unmediated -- volume  |k v.16:no.5-8  |l 1993:May-Aug.  |m A14817869268 
952 f f |p ric  |a Texas A&M University  |b Rellis Campus  |c Joint Library Facility  |d Remote Storage  |t 0  |e JA1.A1 I593  |h Library of Congress classification  |i unmediated -- volume  |k v.21:no.5-6/8  |l 1998:May-June/Aug.  |m A14823340557 
952 f f |p ric  |a Texas A&M University  |b Rellis Campus  |c Joint Library Facility  |d Remote Storage  |t 0  |e JA1.A1 I593  |h Library of Congress classification  |i unmediated -- volume  |k v.13:no.4-6  |l 1990  |m A14812925849 
952 f f |p ric  |a Texas A&M University  |b Rellis Campus  |c Joint Library Facility  |d Remote Storage  |t 0  |e JA1.A1 I593  |h Library of Congress classification  |i unmediated -- volume  |k v.14:no.4-6  |l 1991  |m A14815334136 
952 f f |p ric  |a Texas A&M University  |b Rellis Campus  |c Joint Library Facility  |d Remote Storage  |t 0  |e JA1.A1 I593  |h Library of Congress classification  |i unmediated -- volume  |k v.18:no.9-12  |l 1995:Sept.-Dec.  |m A14819881648 
952 f f |p ric  |a Texas A&M University  |b Rellis Campus  |c Joint Library Facility  |d Remote Storage  |t 0  |e JA1.A1 I593  |h Library of Congress classification  |i unmediated -- volume  |k v.19:no.9-11/12  |l 1996:Sept.-Nov./Dec.  |m A14820732218 
952 f f |p ric  |a Texas A&M University  |b Rellis Campus  |c Joint Library Facility  |d Remote Storage  |t 0  |e JA1.A1 I593  |h Library of Congress classification  |i unmediated -- volume  |k v.5  |l 1983  |m A14823979916 
952 f f |p ric  |a Texas A&M University  |b Rellis Campus  |c Joint Library Facility  |d Remote Storage  |t 0  |e JA1.A1 I593  |h Library of Congress classification  |i unmediated -- volume  |k v.6  |l 1984  |m A14823979966 
952 f f |p ric  |a Texas A&M University  |b Rellis Campus  |c Joint Library Facility  |d Remote Storage  |t 0  |e JA1.A1 I593  |h Library of Congress classification  |i unmediated -- volume  |k v.19:no.5-8  |l 1996:May-Aug.  |m A14820390545 
952 f f |p ric  |a Texas A&M University  |b Rellis Campus  |c Joint Library Facility  |d Remote Storage  |t 0  |e JA1.A1 I593  |h Library of Congress classification  |i unmediated -- volume  |k v.25:no.9/10-12  |l 2002:Sept./Oct.-Dec.  |m A14830203774 
952 f f |p ric  |a Texas A&M University  |b Rellis Campus  |c Joint Library Facility  |d Remote Storage  |t 0  |e JA1.A1 I593  |h Library of Congress classification  |i unmediated -- volume  |k v.16:no.1-4  |l 1993:Jan.-Apr.  |m A14817864195 
952 f f |p ric  |a Texas A&M University  |b Rellis Campus  |c Joint Library Facility  |d Remote Storage  |t 0  |e JA1.A1 I593  |h Library of Congress classification  |i unmediated -- volume  |k v.8  |l 1986  |m A14823980064 
952 f f |p ric  |a Texas A&M University  |b Rellis Campus  |c Joint Library Facility  |d Remote Storage  |t 0  |e JA1.A1 I593  |h Library of Congress classification  |i unmediated -- volume  |k v.22:no.1-6  |l 1999:Jan.-June  |m A14825395689 
952 f f |p ric  |a Texas A&M University  |b Rellis Campus  |c Joint Library Facility  |d Remote Storage  |t 0  |e JA1.A1 I593  |h Library of Congress classification  |i unmediated -- volume  |k v.25:no.1-4  |l 2002:Jan.-Apr.  |m A14830204364 
952 f f |p ric  |a Texas A&M University  |b Rellis Campus  |c Joint Library Facility  |d Remote Storage  |t 0  |e JA1.A1 I593  |h Library of Congress classification  |i unmediated -- volume  |k v.15:no.5-9  |l 1992:June-Oct.  |m A14816996363 
952 f f |p ric  |a Texas A&M University  |b Rellis Campus  |c Joint Library Facility  |d Remote Storage  |t 0  |e JA1.A1 I593  |h Library of Congress classification  |i unmediated -- volume  |k v.17:no.5-8  |l 1994:Apr.-July  |m A14819010394 
952 f f |p ric  |a Texas A&M University  |b Rellis Campus  |c Joint Library Facility  |d Remote Storage  |t 0  |e JA1.A1 I593  |h Library of Congress classification  |i unmediated -- volume  |k v.25:no.5-8  |l 2002:May-Aug.  |m A14830203813 
952 f f |p ric  |a Texas A&M University  |b Rellis Campus  |c Joint Library Facility  |d Remote Storage  |t 0  |e JA1.A1 I593  |h Library of Congress classification  |i unmediated -- volume  |k v.24:no.5-7/8  |l 2001:May-July/Aug.  |m A14828198450 
952 f f |p ric  |a Texas A&M University  |b Rellis Campus  |c Joint Library Facility  |d Remote Storage  |t 0  |e JA1.A1 I593  |h Library of Congress classification  |i unmediated -- volume  |k v.21:no.1-2/4  |l 1998:Jan.-Feb./Apr.  |m A14823340604 
952 f f |p ric  |a Texas A&M University  |b Rellis Campus  |c Joint Library Facility  |d Remote Storage  |t 0  |e JA1.A1 I593  |h Library of Congress classification  |i unmediated -- volume  |k v.19:no.1-4  |l 1996:Jan.-Apr.  |m A14819881698 
952 f f |p ric  |a Texas A&M University  |b Rellis Campus  |c Joint Library Facility  |d Remote Storage  |t 0  |e JA1.A1 I593  |h Library of Congress classification  |i unmediated -- volume  |k v.1  |l 1979  |m A14823979712 
952 f f |p ric  |a Texas A&M University  |b Rellis Campus  |c Joint Library Facility  |d Remote Storage  |t 0  |e JA1.A1 I593  |h Library of Congress classification  |i unmediated -- volume  |k v.24:no.1-4  |l 2001:Jan.-Apr.  |m A14828198492 
952 f f |p ric  |a Texas A&M University  |b Rellis Campus  |c Joint Library Facility  |d Remote Storage  |t 0  |e JA1.A1 I593  |h Library of Congress classification  |i unmediated -- volume  |k v.20:no.1-4/5  |l 1997:Jan.-Apr./May  |m A14821208115 
952 f f |p ric  |a Texas A&M University  |b Rellis Campus  |c Joint Library Facility  |d Remote Storage  |t 0  |e JA1.A1 I593  |h Library of Congress classification  |i unmediated -- volume  |k v.22:no.7-12  |l 1999:July-Dec.  |m A14825747056 
952 f f |p ric  |a Texas A&M University  |b Rellis Campus  |c Joint Library Facility  |d Remote Storage  |t 0  |e JA1.A1 I593  |h Library of Congress classification  |i unmediated -- volume  |k v.4  |l 1982  |m A14823979869 
952 f f |p ric  |a Texas A&M University  |b Rellis Campus  |c Joint Library Facility  |d Remote Storage  |t 0  |e JA1.A1 I593  |h Library of Congress classification  |i unmediated -- volume  |k v.23:no.5/8  |l 2000:May/Aug.  |m A14827281161 
952 f f |p ric  |a Texas A&M University  |b Rellis Campus  |c Joint Library Facility  |d Remote Storage  |t 0  |e JA1.A1 I593  |h Library of Congress classification  |i unmediated -- volume  |k v.9  |l 1987  |m A14811383167 
952 f f |p ric  |a Texas A&M University  |b Rellis Campus  |c Joint Library Facility  |d Remote Storage  |t 0  |e JA1.A1 I593  |h Library of Congress classification  |i unmediated -- volume  |k v.2  |l 1980  |m A14823979762 
952 f f |p ric  |a Texas A&M University  |b Rellis Campus  |c Joint Library Facility  |d Remote Storage  |t 0  |e JA1.A1 I593  |h Library of Congress classification  |i unmediated -- volume  |k v.16:no.9-12  |l 1993:Sept.-Dec.  |m A14817869218 
952 f f |p ric  |a Texas A&M University  |b Rellis Campus  |c Joint Library Facility  |d Remote Storage  |t 0  |e JA1.A1 I593  |h Library of Congress classification  |i unmediated -- volume  |k v.21:no.9-12  |l 1998:Sept.-Dec.  |m A14823899831 
952 f f |p ric  |a Texas A&M University  |b Rellis Campus  |c Joint Library Facility  |d Remote Storage  |t 0  |e JA1.A1 I593  |h Library of Congress classification  |i unmediated -- volume  |k v.20:no.6-8/9  |l 1997:June-Aug./Sept.  |m A14821524985 
952 f f |p ric  |a Texas A&M University  |b Rellis Campus  |c Joint Library Facility  |d Remote Storage  |t 0  |e JA1.A1 I593  |h Library of Congress classification  |i unmediated -- volume  |k v.20:no.10-12  |l 1997:Oct.-Dec.  |m A14822424617 
952 f f |p ric  |a Texas A&M University  |b Rellis Campus  |c Joint Library Facility  |d Remote Storage  |t 0  |e JA1.A1 I593  |h Library of Congress classification  |i unmediated -- volume  |k v.17:no.1-3/4  |l 1994:Jan.-Mar.  |m A14819036968 
952 f f |p ric  |a Texas A&M University  |b Rellis Campus  |c Joint Library Facility  |d Remote Storage  |t 0  |e JA1.A1 I593  |h Library of Congress classification  |i unmediated -- volume  |k v.24:no.9-12  |l 2001:Sept.-Dec.  |m A14830203855 
952 f f |p ric  |a Texas A&M University  |b Rellis Campus  |c Joint Library Facility  |d Remote Storage  |t 0  |e JA1.A1 I593  |h Library of Congress classification  |i unmediated -- volume  |k v.13:no.1-3  |l 1990  |m A14812919602 
998 f f |a JA1.A1 I593  |s v.11-25 (1988-2002)  |t 0  |l Remote Storage